| 000 | 01222nam a2200229Ia 4500 | ||
|---|---|---|---|
| 001 | L264-20877 | ||
| 003 | IT-CnALBA | ||
| 008 | 170116s9999||||xx |||||||||||||| ||und|| | ||
| 040 |
_aIT-CnALBA _cIT-CnALBA |
||
| 041 | _aLATINO | ||
| 100 | _aCONGREGAZIONE SACRA DEI RITI | ||
| 245 | 0 | _aORDO MISSAE. EDITIO TYPICA. MISSALE ROMANUM. | |
| 250 | _a1a ed. | ||
| 260 |
_a ROMA _bLIBRERIA EDITRICE VATICANA _c1969 [1° Ed.:1969 - Ed.Ling.Originale: 1969] |
||
| 300 | _a171 p. | ||
| 500 | _aORDINARIO DELLA MESSA. COSTITUZIONE APOSTOLICA DI PAOLO VI. CELEBRAZIONE EUCARISTICA. STRUTTURA DELLA MESSA. UFFICI E MINISTERI DELLA MESSA. DIVERSE FORME DI MESSE. COSE NECESSARIE PER LA MESSA. MESSA COL POPOLO. PREFAZIO. PRECI EUCARISTICHE. CANTI PER LA | ||
| 501 | _aSocietà San Paolo EM - Piazza San Paolo, 14 - 12051 ALBA (CN) (non commercial uses only) ® Copyright 2017 | ||
| 520 | _aORDINARIO DELLA MESSA. COSTITUZIONE APOSTOLICA DI PAOLO VI. CELEBRAZIONE EUCARISTICA. STRUTTURA DELLA MESSA. UFFICI E MINISTERI DELLA MESSA. DIVERSE FORME DI MESSE. COSE NECESSARIE PER LA MESSA. MESSA COL POPOLO. PREFAZIO. PRECI EUCARISTICHE. CANTI PER LA | ||
| 650 | _aCULTO PUBBLICO LITURGIA | ||
| 942 | _cBK | ||
| 957 | _71 | ||
| 999 |
_a25614 _bNO _g Copie: 1 _c279986 _d279986 |
||